<?xml version="1.0" encoding="UTF-8"?><?xml-stylesheet type="text/xsl" href="static/style.xsl"?><OAI-PMH xmlns="http://www.openarchives.org/OAI/2.0/" xmlns:xsi="http://www.w3.org/2001/XMLSchema-instance" xsi:schemaLocation="http://www.openarchives.org/OAI/2.0/ http://www.openarchives.org/OAI/2.0/OAI-PMH.xsd"><responseDate>2026-04-14T04:56:47Z</responseDate><request verb="GetRecord" identifier="oai:www.recercat.cat:2445/212804" metadataPrefix="marc">https://recercat.cat/oai/request</request><GetRecord><record><header><identifier>oai:recercat.cat:2445/212804</identifier><datestamp>2025-12-05T04:24:06Z</datestamp><setSpec>com_2072_1057</setSpec><setSpec>col_2072_478809</setSpec><setSpec>col_2072_478917</setSpec></header><metadata><record xmlns="http://www.loc.gov/MARC21/slim" xmlns:dcterms="http://purl.org/dc/terms/" xmlns:xsi="http://www.w3.org/2001/XMLSchema-instance" xmlns:doc="http://www.lyncode.com/xoai" xsi:schemaLocation="http://www.loc.gov/MARC21/slim http://www.loc.gov/standards/marcxml/schema/MARC21slim.xsd">
   <leader>00925njm 22002777a 4500</leader>
   <datafield ind2=" " ind1=" " tag="042">
      <subfield code="a">dc</subfield>
   </datafield>
   <datafield ind2=" " ind1=" " tag="720">
      <subfield code="a">Andrade Santacruz, José Carlos</subfield>
      <subfield code="e">author</subfield>
   </datafield>
   <datafield ind2=" " ind1=" " tag="720">
      <subfield code="a">Gil, Joan, 1966-</subfield>
      <subfield code="e">author</subfield>
   </datafield>
   <datafield ind2=" " ind1=" " tag="260">
      <subfield code="c">2024-06-11T12:07:19Z</subfield>
   </datafield>
   <datafield ind2=" " ind1=" " tag="260">
      <subfield code="c">2024-06-11T12:07:19Z</subfield>
   </datafield>
   <datafield ind2=" " ind1=" " tag="260">
      <subfield code="c">2023-06-29</subfield>
   </datafield>
   <datafield ind2=" " ind1=" " tag="260">
      <subfield code="c">2024-06-11T12:07:24Z</subfield>
   </datafield>
   <datafield ind2=" " ind1=" " tag="520">
      <subfield code="a">This paper estimates the causal impact of maternal employment on childhood malnutrition status in Ecuador to understand the trade-off between the time mothers devote to work and the time they dedicate to child-caring activities. Methods: We use the instrumental variables (IV) approach and exogenous cantonal variation in maternal labor market conditions to account for the potential endogeneity of mothers' employment. The analysis employs the Ecuadorian National Health and Nutrition Survey 2018 and the Living Conditions Survey 2014. Results: The IV estimations indicate that maternal employment increases the probability of having stunted children by between 4.2 and 18.1 percent, while no significant effect is found in the case of children suffering from wasting, being underweight, or being overweight. The effect of maternal employment on stunting is stronger among mothers with high education and living in high-income households. Inconclusive effects of mothers' overweight status are reported. The results are robust to several robustness checks. Conclusions: Overall, our findings suggest that the additional income that a working mother may obtain (the income effect) does not offset the loss of time available for direct childcare (the time constraint) in terms of child health status, and this effect is even more apparent for more affluent and more educated mothers. Government interventions, including effective conditional cash transfers and/or in-kind family policies, intended to reduce the cost of raising children among vulnerable families appear to be aligned with our findings.</subfield>
   </datafield>
   <datafield tag="653" ind2=" " ind1=" ">
      <subfield code="a">Mares treballadores</subfield>
   </datafield>
   <datafield tag="653" ind2=" " ind1=" ">
      <subfield code="a">Malnutrició en els infants</subfield>
   </datafield>
   <datafield tag="653" ind2=" " ind1=" ">
      <subfield code="a">Equador</subfield>
   </datafield>
   <datafield tag="653" ind2=" " ind1=" ">
      <subfield code="a">Working mothers</subfield>
   </datafield>
   <datafield tag="653" ind2=" " ind1=" ">
      <subfield code="a">Malnutrition in children</subfield>
   </datafield>
   <datafield tag="653" ind2=" " ind1=" ">
      <subfield code="a">Ecuador</subfield>
   </datafield>
   <datafield ind2="0" ind1="0" tag="245">
      <subfield code="a">Maternal employment and child malnutrition in Ecuador</subfield>
   </datafield>
</record></metadata></record></GetRecord></OAI-PMH>